Обретенное время: Роман: пер. с фр.

Detalles Bibliográficos
Autor principal: Пруст М. Марсель
Lenguaje:ruso
Publicado: СПб., Инапресс, 2000
Colección:В поисках утраченного времени
Materias:
Formato: Libro
KOHA link:https://koha.lib.tpu.ru/cgi-bin/koha/opac-detail.pl?biblionumber=29657

MARC

LEADER 00000nam0a2200000 4500
001 29657
005 20231101205925.0
010 |a 587135100X 
035 |a (RuTPU)RU\TPU\book\29923 
035 |a BOOK00029998 
090 |a 29657 
100 |a 20011209d2000 u y0rusy50 ca 
101 1 |a rus 
102 |a RU 
105 |a  000ay 
200 1 |a Обретенное время  |e Роман: пер. с фр.  |f М. Пруст 
210 |a СПб.  |c Инапресс  |d 2000 
215 |a 384 с. 
225 1 |a В поисках утраченного времени 
610 1 |a романы 
610 1 |a Первая Мировая война 
675 |a 84  |v 3 
700 1 |a Пруст  |b М.  |c французский писатель  |f 1871-1922  |g Марсель  |2 stltpush  |3 (RuTPU)RU\TPU\pers\849  |9 377 
801 0 |a RU  |b 63413507  |c 20011209  |g PSBO 
801 2 |a RU  |b 63413507  |c 20160513  |g RCR 
942 |c BK